<?xml version="1.0" encoding="UTF-8"?>
<record
    xmlns:xsi="http://www.w3.org/2001/XMLSchema-instance"
    xsi:schemaLocation="http://www.loc.gov/MARC21/slim http://www.loc.gov/standards/marcxml/schema/MARC21slim.xsd"
    xmlns="http://www.loc.gov/MARC21/slim">

  <leader>01840cam a22003371  4500</leader>
  <controlfield tag="001">pa 61000012 </controlfield>
  <controlfield tag="003">DLC</controlfield>
  <controlfield tag="005">20260227111855.0</controlfield>
  <controlfield tag="008">750722s1960    xx            100 0 spa  </controlfield>
  <datafield tag="010" ind1=" " ind2=" ">
    <subfield code="a">pa 61000012 </subfield>
  </datafield>
  <datafield tag="035" ind1=" " ind2=" ">
    <subfield code="a">(OCoLC)1467506</subfield>
  </datafield>
  <datafield tag="040" ind1=" " ind2=" ">
    <subfield code="a">DLC</subfield>
    <subfield code="c">FU</subfield>
    <subfield code="d">DLC</subfield>
  </datafield>
  <datafield tag="042" ind1=" " ind2=" ">
    <subfield code="a">premarc</subfield>
  </datafield>
  <datafield tag="043" ind1=" " ind2=" ">
    <subfield code="a">n-mx---</subfield>
    <subfield code="a">nc-----</subfield>
  </datafield>
  <datafield tag="050" ind1="0" ind2="0">
    <subfield code="a">F1434</subfield>
    <subfield code="b">.S95 1955a</subfield>
  </datafield>
  <datafield tag="111" ind1="2" ind2=" ">
    <subfield code="a">Symposium on Middle American Anthropology</subfield>
    <subfield code="d">(1955 :</subfield>
    <subfield code="c">Boston)</subfield>
  </datafield>
  <datafield tag="245" ind1="1" ind2="0">
    <subfield code="a">Antropolog&#xED;a de Mesoam&#xE9;rica.</subfield>
    <subfield code="b">[Symposium de la Am&#xE9;rican Anthropological Association]</subfield>
    <subfield code="c">Ed. de Gordon R. Willey, Evon Z. Vogt y Angel Palerm.</subfield>
  </datafield>
  <datafield tag="260" ind1=" " ind2=" ">
    <subfield code="a">Washington,</subfield>
    <subfield code="b">Uni&#xF3;n Panamericana,</subfield>
    <subfield code="c">1960.</subfield>
  </datafield>
  <datafield tag="300" ind1=" " ind2=" ">
    <subfield code="a">2 v.</subfield>
    <subfield code="c">25cm.</subfield>
  </datafield>
  <datafield tag="490" ind1="1" ind2=" ">
    <subfield code="a">Estudios monogr&#xE1;ficos, 5 y 10</subfield>
  </datafield>
  <datafield tag="500" ind1=" " ind2=" ">
    <subfield code="a">Issued also in English.</subfield>
  </datafield>
  <datafield tag="504" ind1=" " ind2=" ">
    <subfield code="a">Includes bibliographies.</subfield>
  </datafield>
  <datafield tag="505" ind1="0" ind2=" ">
    <subfield code="a">v. 1. La arqueolog&#xED;a mesoamericana desde 1906, por A. Kidder.  Las secuencias regionales en Mesoam&#xE9;rica y sus relaciones, por G. F. Ekholm.  Estudios sobre arte mesoamericano, por T. Proskouriakoff.  Investigaciones sobre la escritura jerogl&#xED;fica Maya, por J.E.S. Thompson.--v. 2. Ling&#xFC;&#xED;stica mesoamericana:  1955, por N.A. McQuown.  Etnograf&#xED;a mesoamericana, por P. Carrasco.  Antropolog&#xED;a aplicada en Mexico, por A. Caso y G. Aguirre Beltr&#xE1;n.  Teor&#xED;a en etnolog&#xED;a mesoamericana, por J. Guillin.  El problema de la subsistencia en la historia mesoamericana, por H. Aschmann.</subfield>
  </datafield>
  <datafield tag="650" ind1=" " ind2="0">
    <subfield code="a">Indians of Mexico</subfield>
    <subfield code="v">Congresses.</subfield>
  </datafield>
  <datafield tag="650" ind1=" " ind2="0">
    <subfield code="a">Indians of Central America</subfield>
    <subfield code="v">Congresses.</subfield>
  </datafield>
  <datafield tag="651" ind1=" " ind2="0">
    <subfield code="a">Mexico</subfield>
    <subfield code="x">Antiquities</subfield>
    <subfield code="v">Congresses.</subfield>
  </datafield>
  <datafield tag="651" ind1=" " ind2="0">
    <subfield code="a">Central America</subfield>
    <subfield code="x">Antiquities</subfield>
    <subfield code="v">Congresses.</subfield>
  </datafield>
  <datafield tag="700" ind1="1" ind2=" ">
    <subfield code="a">Willey, Gordon R.</subfield>
    <subfield code="q">(Gordon Randolph),</subfield>
    <subfield code="d">1913-2002,</subfield>
    <subfield code="e">ed.</subfield>
  </datafield>
  <datafield tag="710" ind1="2" ind2=" ">
    <subfield code="a">American Anthropological Association.</subfield>
  </datafield>
  <datafield tag="810" ind1="2" ind2=" ">
    <subfield code="a">Pan American Union.</subfield>
    <subfield code="b">Social Science Section.</subfield>
    <subfield code="t">Estudios monogr&#xE1;ficos ;</subfield>
    <subfield code="v">5 [etc.]</subfield>
  </datafield>
  <datafield tag="999" ind1=" " ind2=" ">
    <subfield code="c">51452</subfield>
    <subfield code="d">51452</subfield>
  </datafield>
</record>
